Top 15 landen met Covid-19 sterfgevallen - 27 juni - Statistieken

Algemene statistieken
  • Deze quiz is 9 keer genomen
  • De gemiddelde score is 13 van 20
Antwoordstatistieken
land % Correct
België
100%
Duitsland
100%
Frankrijk
100%
Italië
100%
Nederland
100%
Rusland
100%
Spanje
100%
Brazilië
67%
Canada
67%
Chili
67%
India
67%
Mexico
67%
Peru
67%
Verenigde Staten
67%
Ierland
33%
Iran
33%
Verenigd Koninkrijk
33%
Zweden
33%
Ecuador
0%
Zwitserland
0%
Geen overeenkomende quizzen gevonden
Scoreverdeling
Procent van Mensen met Elke Score
Percentiel versus Aantal Correcte Antwoorden
Uw Scoregeschiedenis
U heeft deze quiz nog niet genomen